000 00693nam a2200289Ia 4500
005 20260324143530.0
008 008 260324s9999 xx 000 0 eng d
020 _a9781315044453
037 _aEBOOK
040 _aCRL
040 _beng
040 _cCRL
041 _2eng
041 _aeng
084 _qCRL
100 _aLaurence Rieben; Charles A. Perfetti
_91215975
245 0 _aLearning To Read
245 0 _bBasic Research and Its Implications
260 _bTaylor and Francis
260 _c1991
365 _a
365 _b230
856 _uhttp://www.taylorfrancis.com/books/9781315044453
942 _cEBOOK
999 _c1821496
_d1821496